000 003040000a22001090004500
090 _aAS
_bSeriadas
245 1 0 _aNueva especie de Aiphanes (<Palmae>) de los Andes de Colombia
041 0 _aEspaƱol
100 1 _aBernal, Rodrigo G.
_93790
942 _cARTICULO
773 1 _tCaldasia
_345
_h1
_q136-167
_d2001
_g23
999 _c14371
_d14371